| 000 | 00616cab a2200193 4500 | ||
|---|---|---|---|
| 001 | WB2237-17 | ||
| 008 | 090401t1986 xxu||||| |||| 00| 0 eng d | ||
| 035 | _a(Sirsi) u69745 | ||
| 041 | _aeng | ||
| 245 | _aRICS/Times Conservation Awards | ||
| 260 | _c1986 | ||
| 350 | _a0 | ||
| 490 |
_aRICS News Service _vPR15/86-87, 15/9/86 7 pages |
||
| 520 | _aDetails the 1986 winners for conserving residential property . The first prize went to a 17th century Scottish laird`s house converted to luxury flats. | ||
| 650 | _aHOUSING | ||
| 690 | _aCONSERVATION AND THE ENVIRONMENT | ||
| 942 | _n0 | ||
| 948 | _c04/03/1997 | ||
| 999 |
_c43838 _d43838 |
||